Statistics for Politics UK

Click here to take the quiz!

General Stats

  • This quiz has been taken 97 times
  • The average score is 5 of 12

Answer Stats

ClueAnswer% Correct
Coalition Deputy Prime Minister and party leader. NC.Nick Clegg
88%
Former Labour PM, beaten in election by Thatcher in 1979. JC.James Callaghan
86%
Former Labour Party leader. JS.John Smith
72%
Former tory Chancellor, and a zillion other posts, now retired. KC.Ken Clarke
58%
MP for Hull East from 1970-2010. JP.John Prescott
45%
Middle names of former Conservative MP are Denzil Xavier. MP.Michael Portillo
33%
Former Labour Secretary of State for Northern Ireland. MM.Mo Mowlam
29%
Former Liberal Democrat MP, now Baron of Aikwood. DS.David Steel
23%
Former Thatcher Secretary of State for Education who, later, moved to the Lords. KJ.Keith Joseph
21%
Former Labour Party MP for Birmingham Ladywood. CS.Clare Short
13%
Former Trade and Industry Secretary, for Margaret Thatcher. PL.Peter Lilley
8%
Former tory MP and peer, constituency - Brent North. RB.Rhodes Boyson
5%

Score Distribution

Percentile by Number Answered

Percent of People with Each Score

Your Score History

You have not taken this quiz